01059nam a2200241 a 450000100060000000300080000600500170001400800410003102000150007203500190008704000250010604100080013108200260013911000510016524502660021626000460048230000240052849000590055261000240061165100600063571000630069583000590075828547BD-RjUL20211209051310.0140331s1968 ie || o||| ||eng d a071650359x a(BD-RjUL)28628 aUkcUkbengdBD-RjUL aeng04221a954.029bGRM 19681 aGreat Britain.bParliament.bHouse of Commons.10aMinutes of evidence taken before the whole House and the Select Committee on the Affairs of the East India Company /cGreat Britain. Parliament. House of Commons.; Great Britain. Parliament. HouCommons. Select Committee on the Affairs of the East India Company. aShannon :bIrish University press,c1968. a591 p. ;c35/21 cm. 0aBritish parliamentary papers, colonies, East India, 4.20aEast India Company. 0aIndiaxHistoryyBritish occupation, 1765-1947vSources.2 aSelect Committee on the Affairs of the East India Company. 0aBritish parliamentary papers, colonies, East India, 4.